<?xml version="1.0" encoding="UTF-8"?>
<collection xmlns="http://www.loc.gov/MARC21/slim">
 <record>
  <leader>00993nam0a2200277   4500</leader>
  <controlfield tag="001">in00000005225</controlfield>
  <controlfield tag="005">20251105210238.4</controlfield>
  <datafield tag="010" ind1=" " ind2=" ">
   <subfield code="a">978-7-115-61572-5</subfield>
   <subfield code="d">CNY89.80</subfield>
  </datafield>
  <datafield tag="035" ind1=" " ind2=" ">
   <subfield code="a">01175347</subfield>
  </datafield>
  <datafield tag="100" ind1=" " ind2=" ">
   <subfield code="a">20230608d2023    em y0chiy50      ea</subfield>
  </datafield>
  <datafield tag="101" ind1="0" ind2=" ">
   <subfield code="a">chi</subfield>
  </datafield>
  <datafield tag="102" ind1=" " ind2=" ">
   <subfield code="a">CN</subfield>
   <subfield code="b">110000</subfield>
  </datafield>
  <datafield tag="105" ind1=" " ind2=" ">
   <subfield code="a">y   z   000yy</subfield>
  </datafield>
  <datafield tag="106" ind1=" " ind2=" ">
   <subfield code="a">r</subfield>
  </datafield>
  <datafield tag="200" ind1="1" ind2=" ">
   <subfield code="a">机器学习公式详解</subfield>
   <subfield code="9">ji qi xue xi gong shi xiang jie</subfield>
   <subfield code="f">谢文睿, 秦州, 贾彬彬著</subfield>
  </datafield>
  <datafield tag="205" ind1=" " ind2=" ">
   <subfield code="a">2版</subfield>
  </datafield>
  <datafield tag="210" ind1=" " ind2=" ">
   <subfield code="a">北京</subfield>
   <subfield code="c">人民邮电出版社</subfield>
   <subfield code="d">2023</subfield>
  </datafield>
  <datafield tag="215" ind1=" " ind2=" ">
   <subfield code="a">287页</subfield>
   <subfield code="d">23cm</subfield>
  </datafield>
  <datafield tag="300" ind1=" " ind2=" ">
   <subfield code="a">异步图书 异步社区</subfield>
  </datafield>
  <datafield tag="330" ind1=" " ind2=" ">
   <subfield code="a">本书共16章,包括模型评估与选择、线性模型、决策树、神经网络、支持向量机、集成学习、聚类、降维与度量学习等。</subfield>
  </datafield>
  <datafield tag="606" ind1="0" ind2=" ">
   <subfield code="a">机器学习</subfield>
  </datafield>
  <datafield tag="690" ind1=" " ind2=" ">
   <subfield code="a">TP181</subfield>
   <subfield code="v">5</subfield>
  </datafield>
  <datafield tag="701" ind1=" " ind2="0">
   <subfield code="a">谢文睿</subfield>
   <subfield code="9">xie wen rui</subfield>
   <subfield code="4">著</subfield>
  </datafield>
  <datafield tag="701" ind1=" " ind2="0">
   <subfield code="a">秦州</subfield>
   <subfield code="9">qin zhou</subfield>
   <subfield code="4">著</subfield>
  </datafield>
  <datafield tag="701" ind1=" " ind2="0">
   <subfield code="a">贾彬彬</subfield>
   <subfield code="9">jia bin bin</subfield>
   <subfield code="4">著</subfield>
  </datafield>
  <datafield tag="999" ind1="f" ind2="f">
   <subfield code="s">781477d1-8d8b-4c1c-b930-ddfe03fb6a48</subfield>
   <subfield code="i">63cb03e7-df31-44fe-852b-41c043953423</subfield>
  </datafield>
 </record>
</collection>
